000 01020nam a22003257a 4500
003 CHAP
005 20220329140643.0
008 971013s1982 r 00010 d
010 _a55416
011 _a56388
035 _a60541
040 _cCHAP
082 _a586
_bS2
100 0 0 _aScagel, Robert F.
_9102840
245 _aNonvascular plants
_b: an evolutionary survey
260 _aBelmont, Cal. :
_bWadsworth,
_c1982
300 _a570 p.
_b: ilus.
500 _aGlosario pp. 533-554
590 _aBATCH-UPD
_b10
_c20130110
_lUCH01
_h1556
590 _aBATCH-UPD
_b10
_c20130410
_lUCH01
_h0953
590 _aBATCH-UPD
_b10
_c20130914
_lUCH01
_h1057
590 _aCONVERSION
_b10
_c20130109
_lUCH01
_h1330
650 1 4 _aCriptógamas.
_928939
650 1 4 _aEvolución (Plantas)
_939010
650 1 4 _aFilogenia (Botánica)
_940884
901 _aBK
942 _cLIBRO
949 _a586 S2
_bBC
_cLIBRO
_d33724000353538
_eLIBRO
_fc.2
_h63111
_i60541
_si
949 _a586 S2
_bBC
_cLIBRO
_d33724000375721
_eLIBRO
_h59822
_i60541
_si
999 _c55416
_d55416